Franco, la represión como sistema / (Record no. 181885)

MARC details
000 -LEADER
campo de control de longitud fija 01070nam a2200301 i 4500
001 - NÚMERO DE CONTROL
campo de control 181885
003 - IDENTIFICADOR DE NÚMERO DE CONTROL
campo de control ES-MaACL
005 - FECHA Y HORA DE LA ÚLTIMA TRANSACCIÓN
campo de control 20250819085725.0
008 - DATOS DE LONGITUD FIJA--INFORMACIÓN GENERAL
campo de control de longitud fija 130506s2012 sp a | |||||||| | spa d
020 ## - NÚMERO INTERNACIONAL ESTÁNDAR DEL LIBRO
Número Internacional Estándar del Libro 978-84-96495-50-0
080 ## - NÚMERO DE LA CLASIFICACIÓN DECIMAL UNIVERSAL
Número de la Clasificación Decimal Universal 329.18(460)
080 ## - NÚMERO DE LA CLASIFICACIÓN DECIMAL UNIVERSAL
Número de la Clasificación Decimal Universal 323.281(460)"1939/75"
245 00 - MENCIÓN DEL TÍTULO
Título Franco, la represión como sistema /
Mención de responsabilidad, etc. Julio Aróstegui (coord.) ; Manuel Álvaro Dueñas, Ángeles Egido, Matilde Eiroa ... [et al.].
250 ## - MENCION DE EDICION
Mención de edición 1ª ed.
260 ## - PUBLICACIÓN, DISTRIBUCIÓN, ETC.
Lugar de publicación, distribución, etc. Barcelona :
Nombre del editor, distribuidor, etc. Flor del Viento,
Fecha de publicación, distribución, etc. 2012.
300 ## - DESCRIPCIÓN FÍSICA
Extensión 479 p. :
Otras características físicas gráf. ;
Dimensiones 23 cm.
490 1# - MENCIÓN DE SERIE
Mención de serie Del viento terral ;
Designación de volumen o secuencia 49
500 ## - NOTA GENERAL
Nota general Índices.
504 ## - NOTA DE BIBLIOGRAFÍA, ETC.
Nota de bibliografía, etc. Bibliografía: p. 437-461.
650 #7 - PUNTO DE ACCESO ADICIONAL DE MATERIA--TÉRMINO DE MATERIA
Término de materia o nombre geográfico como elemento de entrada Franquismo
Fuente del encabezamiento o término embne
9 (RLIN) 12981
650 #4 - PUNTO DE ACCESO ADICIONAL DE MATERIA--TÉRMINO DE MATERIA
Término de materia o nombre geográfico como elemento de entrada Represión política-
Subdivisión geográfica España-
Subdivisión cronológica 1939-1975.
9 (RLIN) 145752
700 1# - ENTRADA AGREGADA--NOMBRE PERSONAL
Nombre de persona Aróstegui, Julio,
Fechas asociadas al nombre 1939-2013
9 (RLIN) 23167
700 1# - ENTRADA AGREGADA--NOMBRE PERSONAL
Nombre de persona Álvaro Dueñas, Manuel.
9 (RLIN) 152685
830 1# - PUNTO DE ACCESO ADICIONAL DE SERIE-TÍTULO UNIFORME
Título uniforme Del viento terral ;
Designación de volumen o secuencia 49
9 (RLIN) 181941
852 4# - LOCALIZACIÓN
Ubicación ES-MaACL
Número de control de estantería A-12701
itemnumber 188793
Sublocalización o colección R.148842
Ubicación en estantería Depósito 1
Signatura antigua Olim: N-5701
942 ## - ELEMENTOS DE ENTRADA SECUNDARIOS (KOHA)
Fuente del sistema de clasificación o colocación Clasificación decimal universal
Tipo de ítem Koha Libro impreso
Holdings
Estatus retirado Estado de pérdida Fuente del sistema de clasificación o colocación Estado de daño No para préstamo Biblioteca de origen Biblioteca actual Ubicación en estantería Fecha de adquisición Fuente de adquisición Total de préstamos Signatura topográfica completa Código de barras Visto por última vez Precio de reemplazo Tipo de ítem Koha
    Clasificación decimal universal     Biblioteca del Ateneo de Madrid Biblioteca del Ateneo de Madrid Depósito 1 06/05/2013 Donación   A-12701 1191143 23/02/2023 23/02/2023 Libro impreso